[Event "MK Cafe Cup-A"]
[Site "Koszalin"]
[Date "1999.08.12"]
[Round "9"]
[White "Malakhov, Vladimir"]
[Black "Shcherbakov, Ruslan"]
[Result "1/2-1/2"]
[WhiteElo "2570"]
[BlackElo "2541"]
[Annotator "Tsesarsky,I"]
[PlyCount "93"]
[EventDate "1999.08.03"]
[EventType "swiss"]
[EventRounds "9"]
[EventCountry "POL"]
[SourceTitle "CBM 073"]
[Source "ChessBase"]
[SourceDate "1999.12.01"]
[SourceVersion "1"]
[SourceVersionDate "1999.12.01"]
[SourceQuality "1"]

1. e4 c5 2. Nf3 d6 3. d4 cxd4 4. Nxd4 Nf6 5. Nc3 Nc6 6. Bg5 e6 7. Qd2 Be7 8.
O-O-O O-O 9. f4 Nxd4 10. Qxd4 Qa5 11. Bc4 Bd7 12. e5 dxe5 13. fxe5 Bc6 14. Bd2
Nd7 15. Nd5 Qd8 16. Nxe7+ Qxe7 17. Rhe1 Rfd8 18. Qg4 Nf8 19. Bd3 Rxd3 $6 {
maybe this game will deny this variation...} (19... Rd5 20. Bb4 (20. g3 Ng6 21.
Bc3 Qc5 (21... Rc8 $6 22. h4 Qc5 23. Qe2 (23. h5 Nxe5 24. Bxh7+ Kxh7 25. Rxd5
Qe3+ (25... Bxd5 26. Rxe5 $14) 26. Rxe3 Nxg4 27. Rdd3 Nxe3 28. Rxe3 $11) 23...
Nf8 $11 (23... Bb5 24. Bxb5 Qxb5 25. Qxb5 Rxb5 26. a4 $14)) 22. h4 $14) 20...
Qd8 (20... Qc7 21. c4 $1 $14) 21. g3 (21. Kb1 Ng6 22. Bd6 Qh4 23. Qxh4 Nxh4 24.
Rg1 Nxg2 25. Rxg2 Rxd3 26. Rxg7+ Kxg7 27. cxd3 f5 $11) (21. h4 $6 Ng6 22. Bxg6
hxg6 $11) 21... Ng6 22. Bc3 Qb8 23. Qe2 $14) (19... Qc7 20. Bb4 Bd5 21. Kb1
Rac8 22. Bd6 Qc6 23. b3 b5 24. Re3 Ng6 25. h4 $14) 20. cxd3 Qd7 (20... Qc5+ 21.
Kb1 (21. Qc4 Qf2) 21... Qd5 22. Bb4 Qxg2 (22... Ng6 23. Bd6 Qxg2 24. Qxg2 Bxg2
25. Rc1 $16) 23. Qxg2 Bxg2 24. Rc1 $16) (20... Ng6 21. Kb1 Qd8 22. Bc3 a5 23.
g3 $16 (23. g3 Ne7 24. Bd4 Qd5 25. Bg1 a4 26. Qb4 Qd8 27. Bb6 Qd7 28. Bc5 Nd5
29. Qd4)) 21. Bb4 (21. Kb1 $2 Qxd3+ 22. Ka1 h5 $5 (22... Qf5 23. Qg3 Ng6 24.
Bc3 h6 (24... h5 25. Rf1 Qg4 26. Qf2 Rf8 27. g3) 25. Rf1 Qe4 26. Rd2 Bd5 27. b3
$14 {1-0 Ivanchuk,V-Anand,V/Linares m 1992 (51)}) (22... Qg6 23. Qxg6 Nxg6 24.
g3 $16) (22... Bd5 23. Bc3 Qa6 24. Rxd5 exd5 25. e6 $16) 23. Qxh5 (23. Qe2 Qxe2
24. Rxe2 Rd8 25. Rde1 (25. Kb1 Ng6 26. Kc1 Nh4 27. Rg1 $14) 25... Ng6 26. g3 a6
27. b3 Rd3 28. Kb2 $14 {1/2-1/2 Almasi,Z-Tolnai,T/HUN ch 1992 (49)}) 23... Ba4
24. Bc3 (24. b3 Qd4+ 25. Kb1 Bb5 26. a4 Bd3+ 27. Ka2 Bc2 28. Rf1 Ng6 29. Qf3
Bxd1 30. Qxf7+ Kh7 31. Rxd1 Rc8 $17) 24... Bxd1 25. Rxd1 Qe4 $15 {[%csl Gd5,
Re5] 1/2-1/2 Hracek,Z-Leko,P/Brno 1993 (44)} (25... Qe4 $15 {0-1 Oll,L-Hodgson,
J/Groningen PCA 1993 (46)})) (21. Re3 Qd5 22. Kb1 Ng6 23. Bc3 (23. Rg3 Qxe5 24.
Bc3 Qb5 25. h4 h5 26. Qe2 Bd5 27. b3 a5 28. Qxh5 a4 29. Rxg6 fxg6 30. Qxg6 Qd7
31. b4 $14) 23... Qxg2 24. Qxg2 Bxg2 25. Rg3 Bc6 26. Rdg1 Rd8 27. Kc2 $14) (21.
b3 a5 22. Bc3 Ng6 23. Re2 Ne7 $14) (21. Bc3 Qd5 22. Kb1 Qxg2 23. Qxg2 Bxg2 24.
Rc1 $14) 21... Ng6 $6 $16 (21... a5 22. Bd6 b5 23. Kb1 Ng6 24. Rc1 $16 {
[%cal Gc1c6] 1-0 Dubbeldam,A-Oud,N/cr ch NED 1996 (32)}) (21... Qd5 $142 $14
22. Bxf8 (22. Kb1 Qxg2 23. Qxg2 Bxg2 24. Bxf8 Kxf8 25. Re3 Rd8 26. Rg1 Bc6 27.
Rg4 $14 {1-0 Ramesh,R-Onkoud,A/32nd ol, Yerevan ARM 1996 (69)}) 22... Rxf8 23.
Kb1 (23. Kc2 f5 24. exf6 Rxf6 25. Rf1 Rh6 26. Qf4 $18 (26. Rf2 $4 {1/2-1/2
Adams,M-Kramnik,V/Moscow olm 1994 (31)} Qc5+ $19)) 23... Qxg2 24. Qxg2 (24. Qf4
Qf3 (24... Qd5 25. Rg1 Rd8 26. h4 g6 27. Rgf1 Rd7 28. h5 $16 {1-0 Mithrakanth,
P-Ooi Chern Ee/Kuala Lumpur MAL-IND tt 1996 (36)}) 25. Rf1 Qxf4 26. Rxf4 Rd8
27. d4 Rd7 $14 {0-1 Svensson,B-Wessman,R/Sweden ch Goteborg 1990 (55)}) (24.
Qh4 g6 25. Re3 Bd5 26. Rh3 h5 27. Rc1 Qd2 28. b3 a5 29. Qf6 a4 $132 {1/2-1/2
Psakhis,L-Greenfeld,A/Tel Aviv ASA 1988 (37)}) 24... Bxg2 25. Rg1 (25. Rc1 Bc6
26. Kc2 (26. Rc4 f5 (26... Rd8 27. Kc2 $14 {1/2-1/2 Palac,M-Lisenko,A/Vinkovci
1993/ (81)}) 27. exf6 Rxf6 28. h4 $14) 26... f5 (26... Rd8 27. Kd2 Kf8 28. Ke3
f6 29. exf6 gxf6 30. Rc4 $14 {1/2-1/2 Leko,P-Fritz3/Munich Intel Express 1994 
(55)}) 27. exf6 Rxf6 28. Rf1 (28. Kc3 $14 {1-0 Marciano,D-Lugovoi,A/St.
Petersburg-Paris 1996 (49)}) 28... Rh6 (28... Rxf1 29. Rxf1 $16) 29. Rf2 Rh3
$14) (25. Re3 f5 (25... Rd8 $1 26. Rg1 Bc6 27. Reg3 g6 28. Kc2 $14) 26. exf6
Rxf6 27. Rg1 Bd5 28. Reg3 $14 {1-0 Oll,L-Hracek,Z/Paide Keres mem A 1996 (48)})
(25. Rd2 Bc6 26. d4 Rd8 27. b4 a6 28. Kb2 Kf8 $14 {1/2-1/2 Shetty,R-Tejas,B/op,
Calcutta IND 1996 (68)}) (25. Rc1 $14) 25... Bc6 (25... Bd5 26. Rc1 $14) 26.
Kc2 $14) 22. Rd2 $1 {[%csl Gg2]} (22. Bd6 f5 23. Qg5 (23. Qe2 Bd5 24. Kb1 Qc6
25. Rg1 $14 {1/2-1/2 Dean,J-Almasi,I/Groningen NED 1998 (43)}) 23... Bd5 24.
Kb1 (24. b3 Qc6+ 25. Kb2 Qb6 $1 26. g3 $14 {1/2-1/2 Svidler,P-Anand,V/Linares
1998/CBM 64/ (44)} (26. d4 a5 $1 $132)) 24... Qa4 25. b3 Bxb3 26. axb3 Qxb3+
27. Ka1 Qc3+ $11 {1/2-1/2 Mithrakanth,P-Ooi Chern Ee/Kuala Lumpur
India-Malaysia 1996 (30)}) (22. Kb1 Qd5 23. Bd6 Qxg2 24. Qxg2 Bxg2 25. Rc1 Bc6
$14) (22. h4 Qd5 23. h5 Nxe5 24. Qg3 f6 $44) 22... Bd5 (22... Qd5 23. Qc4 $16)
23. Kb1 $2 $15 (23. Qd4 $1 Rc8+ 24. Bc3 b5 (24... Qc6 25. Qxa7 $16) 25. Kb1 a5
26. b3 b4 27. Bb2 a4 28. Qxb4 axb3 29. axb3 Qa7 30. Rc1 Rb8 31. Qd4 Qxd4 32.
Bxd4 Rxb3+ 33. Rb2 $16) {[%tqu "En","?","","","d5a2","",10]} 23... Bxa2+ $1 24.
Kxa2 Qa4+ 25. Kb1 a5 26. Qc4 (26. Qd1 Qxb4 27. Re4 Qb5 $15) 26... axb4 27. Re4
Ne7 $2 $16 {The time is money!} (27... Qa1+ $1 28. Kc2 Qa4+ 29. Qb3 Qc6+ 30.
Rc4 Qd5 31. d4 Nf4 {[%cal Gd5e4,Gb7b5]} 32. Kb1 b5 (32... Qa5 33. Qxb4 Qa1+ 34.
Kc2 Nd5 $15) 33. Rxb4 Qe4+ 34. Qc2 Qe1+ 35. Qd1 Qe4+ 36. Qc2 Qe1+ $11) 28. Qxb4
$8 Qa1+ 29. Kc2 Nd5 30. Qxb7 $1 {The best refutation of a sacrifice - its
acceptance!} h6 {Necessary move.} 31. Rd1 Qa5 32. Rc1 $5 (32. Rf1 $5 {[%csl
Rf7]} Ra7 33. Qb3 Qc7+ 34. Kd2 $16) 32... Ra7 33. Qc8+ (33. Qb8+ Kh7 34. Kd1 (
34. g3 Rc7+ 35. Kb1 Qd2 36. Rxc7 Qxd3+ 37. Ka2 Qxe4 $11 {[%cal Ge4a4,Ga4d1,
Ga2b1,Gb1a2]}) 34... Qa6 35. Qb3 Rb7 36. Qa3 Qb6 37. d4 Qxb2 38. Qxb2 Rxb2 39.
Rc2 $14) 33... Kh7 34. Kd1 Qb5 35. Qc2 (35. Qc4 Qxb2 36. Re2 Qb6 37. d4 Ra3 38.
Ke1 Qa5+ 39. Kf2 Nf4 $44 {[%cal Gf4d3]}) 35... Rb7 36. Ke2 (36. Qc4 Qxb2 37.
Re2 Qa3 38. Qe4+ g6 $44) 36... Qxb2 37. Qxb2 Rxb2+ 38. Kf3 Rd2 39. d4 $2 $44 (
39. Rd4 $1 Kg6 40. Rf1 $1 h5 (40... Kf5 41. Rxd5 $3 $18) 41. h4 f6 (41... Ne7
42. g4 Nc6 43. gxh5+ Kxh5 44. Ke3 Rh2 45. Re4 Ne7 46. Rxf7 Nf5+ 47. Rxf5+ exf5
48. e6 $1 $18) 42. exf6 gxf6 43. g3 $16) 39... g5 40. h4 (40. Rc4 Kg6 41. Re2
Rd3+ 42. Ke4 Ra3 (42... Rc3 43. Rc5 f5+ (43... Ra3 44. Rxd5 exd5+ 45. Kxd5 $18)
44. exf6 Rxc5 45. dxc5 Nc3+ 46. Ke5 Nxe2 47. c6 $18) 43. Re1 Nc3+ 44. Kd3 Nd5+
45. Kd2 Ra2+ 46. Rc2 Ra4 $44) 40... Kg6 41. hxg5 hxg5 42. Rc4 Rd3+ 43. Kf2 Kf5
44. Re1 g4 45. Kg1 g3 $1 {[%csl Rg1]} 46. Rf1+ (46. Rc8 Rxd4 47. Rf8 Nf4 48.
Rxf7+ Kg5 49. Rg7+ Kh4 50. Rf1 Ne2+ 51. Kh1 Re4 $44) 46... Ke4 47. Rcc1 (47.
Rcc1 Re3 (47... Kxd4 48. Rce1 Re3 $2 (48... Ne3 $1 49. Rxf7 Kxe5 $2 (49... Rd2
$1 50. Rd7+ Nd5 51. Rd6 Rc2 52. Kh1 (52. Rxe6 Nf4 (52... Rxg2+ 53. Kxg2 Nf4+
54. Kxg3 Nxe6 55. Kg4 $18) 53. Rd6+ Kc5 54. Kh1 Rxg2 55. Rc1+ Kb5 56. Rh6 Re2
57. Rh8 {[%cal Gh8b8]} Kb6 58. Rh4 (58. Rb8+ Ka7 59. Rb3 Rh2+ 60. Kg1 Nh3+ 61.
Kf1 g2+ $19) 58... Nd3 59. Rh6+ Kb5 $44) 52... Kc5 53. Rxe6 Nf4 54. Rf6 Nd3 55.
Ref1 (55. Ra1 Nxe5 56. Rf8 Re2 57. Rg8 Re3 58. Kg1 Kd4 59. Kf1 Nd3 60. Rd1 Kc4
61. Rc8+ Kd4 62. Ra1 Kd5 63. Rd8+ Kc4 64. Rd7 Kc3 $44 {[%csl Rf1]}) 55... Nxe5
56. Rf8 Re2 57. Kg1 Kd4 58. Rd1+ Ke4 59. Kf1 Re3 60. Re8 Kf4 61. Rd4+ Kf5 62.
Rf8+ Ke6 63. Rfd8 Kf5 $44) 50. Rf3 $18) 49. Rxe3 Nxe3 50. Rxf7 Kxe5 51. Rf3 Nf5
52. Kf1 Kf6 53. Ke2 Kg5 54. Ra3 Kf4 55. Ra4+ Ke5 56. Kf3 Kf6 57. Kf4 Kg6 58.
Ra8 Kf6 59. Ra6 Ke7 60. Ke5 Ne3 61. Ra7+ Kf8 62. Kf6 Kg8 (62... Ke8 63. Kxe6
Kd8 64. Ra2 $18) 63. Rg7+ Kf8 64. Rxg3 $18) 48. Rxf7 Kxd4 $44) 1/2-1/2

[Event "World Women-ch"]
[Site "Kazan/Shenyang"]
[Date "1999.07.02"]
[Round "4"]
[White "Xie, Jun"]
[Black "Galliamova, Alisa"]
[Result "1/2-1/2"]
[WhiteElo "2528"]
[BlackElo "2556"]
[Annotator "Tsesarsky,I"]
[PlyCount "64"]
[EventDate "1999.07.05"]
[EventType "match"]
[EventRounds "16"]
[EventCountry "RUS"]
[SourceTitle "CBM 073"]
[Source "ChessBase"]
[SourceDate "1999.12.01"]
[SourceVersion "1"]
[SourceVersionDate "1999.12.01"]
[SourceQuality "1"]

1. e4 c5 2. Nf3 Nc6 3. d4 cxd4 4. Nxd4 Nf6 5. Nc3 d6 6. Bg5 e6 7. Qd2 Be7 8.
O-O-O Nxd4 9. Qxd4 O-O 10. f4 Qa5 11. Bc4 Bd7 12. e5 dxe5 13. fxe5 Bc6 14. Bd2
Nd7 15. Nd5 Qc5 16. Nxe7+ Qxe7 17. Rhe1 Rfd8 18. Bf1 (18. Qg4 Nf8 (18... Nc5
19. Bg5 (19. h4 Kh8 20. Bg5 Rxd1+ 21. Rxd1 Qc7 22. Qd4 Nd7 $11 {1/2-1/2 Short,
N-Sosonko,G/Wijk A 1987 (34)}) 19... Rxd1+ 20. Rxd1 Qf8 21. Qh4 (21. Qd4 Rc8
22. Be3 b6 23. Bf1 $11 {1/2-1/2 Yudasin,L-Sosonko,G/St.Petersburg 1997/CBM 59 
(45)}) 21... Nd7 (21... Re8 22. Rd4 Nd7 23. Bd3 g6 24. Bh6 Qe7 25. Qf4 $14 {
Almazi.Z-Bologan.V,Germany 97}) 22. Re1 Qb4 (22... Qe8 23. Qg4 Kh8 $132 (23...
Rc8 $5 24. Bf6 Qf8 25. Bd3 Kh8 26. Qh3 Qg8 27. Be7 Bd5 $11) (23... Nf8 $2 24.
h4 Kh8 25. h5 Nd7 (25... h6 $2 26. Bf6 {1-0 Khalifman,A-Sosonko,G/St.
Petersburg 1997/CBM 59/ (26)}) 26. h6 $16)) 23. Be7 Qa4 24. Re3 b5 25. Bd3 Qxh4
26. Bxh4 $11) 19. Bc3 (19. Re3 Qc5 20. Bd3 Rac8 21. Rg3 Ng6 22. Bc3 Bb5 $15 {
1/2-1/2 Vitolinsh,A-Korensky Valeri S/cr 1990 (37)}) (19. h4 Qc5 20. Bc3 (20.
Bf1 Qf2 21. Qf4 Qxf4 22. Bxf4 Ng6 23. Bg3 Ne7 $11 {1-0 Anka,E-Feher,G/Budapest
1994 (60)}) 20... h5 (20... Qf2 $132 {1/2-1/2 Almasi,Z-Leko,P/Magyarorszag (ch)
1993/Inf 59/ (35)}) 21. Qe2 Bxg2 $15) (19. Bf1 $11) (19. Bd3 Rxd3 $5 (19... Qc7
$5 $132) 20. cxd3 Qd7 21. Bb4 $132 {One of main lines.}) 19... h6 20. h4 Rxd1+
21. Rxd1 Qc5 22. b4 Qf2 23. Rd2 Qe3 24. Kb2 a6 25. Rd3 Qe4 26. Qxe4 Bxe4 27.
Rd2 Rc8 $11 {0-1 Klovans,J-Enders,P/Schoeneck 1996/CBM 56 (54)}) 18... Nf8 19.
Qe3 (19. Qg4 {-another main line.}) (19. Qb4 Qc7 (19... Qxb4 20. Bxb4 $14 {BB})
20. Bc3 (20. h4 Rd5 21. h5 h6 22. Qg4 Rad8 23. Bc3 Rxd1+ 24. Rxd1 Rxd1+ 25.
Kxd1 Qd8+ 26. Ke1 {1/2-1/2 Van Der Wiel John T H-Peek Marcel/Ch Netherlands 
(team) 1995 (27)}) 20... Ng6 21. Rd6 Ne7 22. Qd4 Nf5 (22... Rdc8 23. Bd3 Bd5
24. Kb1 b5 $132 {1/2-1/2 Santo Roman,M-Relange,E/Chambery ch. France 1994 (32)}
) 23. Rxd8+ Qxd8 $132) 19... Ng6 (19... Qh4 20. h3 Ng6 (20... Rd7 21. c4 a6 22.
Bb4 Rc8 (22... b5 23. g4) (22... Rxd1+ 23. Rxd1) 23. Bd6 Ng6 24. Rd4 (24. g3 $5
) 24... Qd8 $132 {1/2-1/2 Ivanchuk,V-Kamsky,G/Buenos Aires 1994/Inf 62/ (36)})
21. c4 h6 (21... Rd4 22. g3 (22. g4 Re4 $132 {1/2-1/2 Piket,J-Leko,P/Hoogovens
Tournament Wijk aan Zee NED ( 1995 (29)}) 22... Qd8 (22... Rxc4+ 23. Bc3 Qe4
24. Qd2 (24. Bxc4 Qxc4 25. b3 Qb5 $14) 24... Qd5 25. Qxd5 Rxc3+ 26. bxc3 Bxd5
27. c4 Bc6 28. Rd4 $16 {1/2-1/2 Yudasin,L-Kotronias,V/Moscow olm 1994/54 B65/
[Brenke,A] (64)}) 23. Bc3 Rxd1+ 24. Rxd1 $14) 22. g3 Qh5 23. Bc3 Rxd1+ 24. Rxd1
a6 25. h4 Qg4 $132 {1/2-1/2 Ehlvest,J-Salov,V/Linares 1991 (31)}) (19... a6 20.
g3 Rac8 (20... Ng6 21. c4 b5 22. Bc3 Qb7 $132 {1/2-1/2 Feher,A-Relange,E/Paris
,EXT 1995 (37)}) 21. Kb1 Ng6 22. Ba5 Rd5 23. Rxd5 Bxd5 24. b3 h6 $11 {1-0
Beliavsky,A-Leko,P/Leon 1994/Inf 60/(41)}) (19... Rd5 20. c4 (20. Bc3 b6 21.
Rxd5 Bxd5 22. b3 Rc8 23. Bb2 Qb7) 20... Rd7 21. Bc3 b6 $132 {1/2-1/2 Beliavsky,
A-Dokhoian,Y/YUG-chT Igalo 1994 (43)}) 20. g3 b5 $146 {The modern theory of a
chess sometimes reaches further 20 moves.} (20... Qc7 21. Bb4 Rxd1+ 22. Kxd1
Rc8 23. Bd3 Bb5 24. Bd6 Qa5 25. Qd2 Qxd2+ 26. Kxd2 Bxd3 27. Kxd3 $11 {1/2-1/2
Coenen,N-Brenke,A/Aachen 1994/CBM 54/[Brenke,A] (41)}) 21. h4 $132 Rd5 (21...
h6 22. Ba5 Rd5 23. Rxd5 Bxd5 24. a3 Qb7 25. Bd3 Ne7 $11) 22. Bc3 b4 $2 $14 (
22... h6 $11) 23. Rxd5 $2 $11 (23. Bd4 $1 h6 (23... a5 24. h5 Nf8 25. Bc4 Rdd8
26. Bc5 $16) (23... Rad8 24. Bc4 R5d7 25. h5 Nf8 26. Bxa7 Rxd1+ 27. Rxd1 Rxd1+
28. Kxd1 $16) 24. Bc4 (24. Bg2 Rxd4 25. Bxc6 Rxd1+ 26. Rxd1 Rd8 $11) (24. h5
Nf8 25. Bg2 Rxd4 26. Bxc6 Rxd1+ 27. Rxd1 Rc8 28. Rd6 Qc7 29. Kb1 Qa5 30. g4 Nh7
$132) 24... Rdd8 25. h5 Nf8 26. Bc5 Qb7 27. Bd6 $14 (27. Rd6 Rxd6 28. exd6 Nd7
$132)) 23... Bxd5 24. Bd2 (24. Bd4 Qc7 25. Bd3 Ne7 26. h5 Nf5 $11) 24... h6 (
24... Bxa2 25. b3 Qc7 (25... a5 26. Kb2 a4 27. h5 Nf8 28. Bg2 Rc8 29. Be4 Bxb3
30. cxb3 axb3 31. Qxb3 Qc5 32. Kb1 $14) 26. Bxb4 Rc8 27. Bc4 Ne7 28. Bxe7 Qxe7
29. Kb2 Rxc4 30. bxc4 Bxc4 31. Rd1 h6 $44) 25. Bd3 (25. Kb1 $132) 25... a5 (
25... Bxa2 26. Bxg6 fxg6 27. Qe4 Rc8 28. Bxb4 Qe8 $132) 26. Qd4 (26. Kb1 $11)
26... Rc8 27. Kb1 Qc7 28. h5 Rd8 29. Qe3 (29. hxg6 Bxa2+ $19) 29... Nf8 (29...
Ne7 30. g4 Bc4 31. Be4 (31. Bxc4 Qxc4 32. Qe2 (32. g5 Nf5 33. Qf4 Rd4 34. Qf2
Qd5 35. Bc1 hxg5 36. Bxg5 a4 $17) 32... Qxe2 33. Rxe2 Rd4 34. Rg2 Nc6 35. c3
Re4 36. cxb4 axb4 $15) 31... Nd5 32. Bxd5 $11 (32. Qf2 $2 Qd7 33. Qg1 (33. Bc1
Qa4 $19) 33... Nc3+ 34. Bxc3 bxc3 35. b3 Be2 $1 36. g5 hxg5 37. Qxg5 Qd2 38.
Qg1 Bxh5 $17)) 30. g4 Bc4 (30... Nh7 $11 {[%csl Gg5]}) 31. Be4 (31. Bxc4 $5
Qxc4 32. g5 Qd4 $5 (32... hxg5 33. Qxg5 Rc8 (33... Qd5 $2 34. Rg1 g6 35. Bc1 (
35. hxg6 Nxg6 36. Rg2 Rc8 37. Rg4 Rc5 38. Rg3 Qxe5 39. Qd8+ Kg7 40. Rh3 Qf5 41.
Bh6+ Kh7 42. Qd4 Qf1+ 43. Bc1+ Qxh3 44. Qxc5 Qf5 $17) 35... a4 36. Qf6 Nh7 37.
Qe7 $18) 34. Ka1 (34. Rc1 Qe4 35. Be3 Nd7 36. h6 Qxe5 37. Qxe5 Nxe5 38. hxg7
Kxg7 39. Bd4 f6 40. Bxe5 fxe5 $15) 34... Nh7 35. Qg3 f5 36. exf6 Nxf6 37. h6
Qg4 38. Qd3 gxh6 39. Bxh6 $16) 33. Qxd4 (33. Bc1 Qxe3 34. Bxe3 hxg5 35. Bxg5
Rd5 36. Kc1 Nd7 37. Bf4 $11) 33... Rxd4 34. Be3 Rh4 35. gxh6 Rxh5 36. hxg7 Kxg7
$11) 31... Bd5 32. Bd3 Bc4 1/2-1/2

[Event "Kharkov Rector Cup 4th"]
[Site "Kharkov"]
[Date "2002.03.28"]
[Round "9"]
[White "Kobalia, Mihail"]
[Black "Gershon, Alik"]
[Result "1-0"]
[WhiteElo "2620"]
[BlackElo "2558"]
[Annotator "Tyomkin,D"]
[PlyCount "95"]
[EventDate "2002.03.22"]
[EventType "tourn"]
[EventRounds "10"]
[EventCountry "UKR"]
[EventCategory "13"]
[SourceTitle "CBM 089"]
[Source "ChessBase"]
[SourceDate "2002.08.12"]
[SourceVersion "1"]
[SourceVersionDate "2002.08.12"]
[SourceQuality "1"]

1. e4 {Wells} c5 2. Nf3 Nc6 3. d4 cxd4 4. Nxd4 Nf6 5. Nc3 d6 6. Bg5 e6 7. Qd2
Be7 8. O-O-O O-O 9. f4 h6 10. Bh4 Nxd4 11. Qxd4 Qa5 12. Bc4 e5 13. fxe5 dxe5
14. Qd3 Bg4 15. Rdf1 (15. Bxf6 Bxf6 16. Rdf1 {-is another sharp line, which
probably leads to some advantage of white as well;}) 15... Qc5 $146 {15...Rac8
following with Rxc3 blows deserves attention, while 15...Qc5 doesn't decide
black' problems;} (15... Be6 16. Bxf6 ({Black gets his pawn chain destroyed
here, while it's not that dangerous:} 16. Bxe6 fxe6 17. Qc4 Qb6 18. Bf2 Qd6 19.
Rd1 Rac8 20. Qxc8 Rxc8 21. Rxd6 Bxd6 22. Bxa7 Bb4 {1/2-1/2 Unzicker,W-Pomar
Salamanca,A/Bern 1962/EXT 2000 (44)}) 16... Bxf6 17. Kb1 Qc5 18. Bb3 Kh8 19. h4
Be7 20. Qe2 Qc8 21. Bxe6 fxe6 22. Rxf8+ Qxf8 23. Qb5 $16 {1-0 Ponomariov,
R-Avrukh,B/Panormo 2001/CBM 84 ext (41). (40)}) (15... Rad8 $2 16. Qg3 Be6 17.
Rxf6 Bxc4 18. Rxh6 $16 {1-0 Zurakhov,V-Boleslavsky,I/Riga 1955/EXT 99 (116). 
(115)}) (15... Rac8 $5 16. Bb3 Rxc3 $1 17. Qxc3 Qxc3 18. bxc3 Ba3+ 19. Kb1 Nxe4
$15 {1/2-1/2 Szabo,J-Pietzsch,W/Dresden 1959/MCD (43)}) 16. Bb3 Kh8 (16... Be6
$5) 17. Bxf6 Bxf6 18. Kb1 Rad8 19. Qg3 Be6 20. Nd5 (20. Bxe6 fxe6 {[%csl Gc3]
-black is okay here, mostly based on weakness of Nc3;}) 20... Bxd5 21. Bxd5 {
Wells: 'A few reasonable outings for black seemed to have briefly persuaded
people that this system might be a satisfactory handling of the Rauzer for
black. However, just comparing the two bishops it is hard to imagine that
black can ever claim full equality, and games like this, where white's
initiative persists deep into the ending will do its reputation no good at all.
'} Rd6 {[%cal Gd6b6,Gd6f6]} 22. Rf3 Rb6 23. Rc3 Qb4 (23... Qd4 24. Qf3 {
[%cal Gh1d1] -same story;}) 24. Rb3 Qd4 25. Rxb6 {Wells: 'White has no fear of
exchanges. In addition to the superior bishop, white can claim a weakness of
f7 and the queenside majority as potential trumps.'} Qxb6 $14 {[%csl Rf6][%cal
Gd5f7,Gd5b7] White still keeps some edge mostly because of the better bishop
d5, while black should be able to hold here;} 26. Qf3 a5 $6 {[%mdl 16384]
Queenside advanced pawns of black became the main target eventually- so this
was better to keep them on 7th for a while;} (26... Qc7 $142) 27. a3 Qc7 28.
Qb3 {[%csl Rf7] f7 is always the target for attack;} b6 29. Rf1 Kg8 30. Qg3 {
[%cal Gf1f6]} Qe7 31. Qe3 Qc5 $2 {[%mdl 16384] The trade of queens leads to
the very bad ending for black;  Wells: 'A serious, but rather understandable
misjudgment. Black's problem is that after the exchange, he has the acute
weakness of f7 in the presence of rooks, and of a5 and c5 in the pure opposite
bishop ending. There is too much use of generalisation around concerning such
endings. It is well known that some such endings can be drawn even with a
substantial material disparity, but at the same time in the absence of
blockades and with multiple weaknesses to hit the defence can be quite
helpless. '} (31... b5 32. Qb6 b4 33. a4 Qd8 34. Qa7 $14) ({or} 31... Qd6 $14)
32. Qxc5 bxc5 33. Rf3 $1 {[%csl Ra5,Rc5,Rf6][%cal Gf3b3] Pawns c5 and a5 in
addition to passive Bf6 make black defendless;} Rb8 34. Ka2 Kf8 (34... a4 35.
b3 $1 (35. Bc6 $143 Rd8 {[%cal Gd8d2]} 36. Rf2 Bg5 $132 {[%cal Gg5e3]}) 35...
axb3+ 36. Rxb3 $18 {with semilar ending as in the game;}) 35. Rb3 $1 {Smart
swap- now white king gets in grabbing one of black qside pawns;} Rxb3 (35...
Rc8 36. Rb7 {[%csl Rf7]} Be7 37. Kb3 $18 {[%cal Gb3a4,Ga4b5]}) 36. Kxb3 Bg5 37.
Ka4 Bd2 (37... Bc1 {Wells} 38. Kxa5 Bxb2 39. a4 $18 {[%csl Ya4]}) 38. Kb5 {
[%csl Ra5,Rc5] Two weaknesses;} Ke7 39. a4 (39. Kxc5 Bc1 40. a4 Bxb2 41. c4 {
[%cal Gc5b6,Yc4c5] and there is no clear way to block c-passer and to guard a5
at the same time ;}) 39... Bc1 40. Kxa5 Bxb2 41. c4 f5 42. Kb6 {[%csl Rc5]
[%cal Ga4a5] Same two weaknesses here too;} Bc3 43. a5 Bxa5+ 44. Kxa5 f4 45.
Bc6 g5 46. Ba4 $1 {[%cal Ga4d1,Yd1h5]} g4 47. Bd1 h5 48. Kb6 (48. Kb6 Kd6 49.
Kb5 {or any other waiting move and black is in zugzwang;}) 1-0